000
00260nam a2200109Ia 4500
008
220204s9999 xx 000 0 und d
082
_a
036
_b
MEH
100
_a
MEHETRAS, V G
245
0
_a
Social ease work in India
260
_a
Ajmer
_b
Sachin
_c
1979
942
_c
BK
999
_c
30822
_d
30822